书目信息 |
| 书名: | On The Run | |
| 作者: | Iris Johansen | |
| 分册号: | ||
| 分册名: | 出版地: | NEW YORK |
|
| 出版社: | BANTAM BOOKS | |
| 出版时间: | 2006 | |
| 页数: | 340P | |
| 开本: | 24CM | |
| 丛书名: | ||
| 中图分类号: | ||
| 科图分类号: | ||
| 其他分类号: | I712.45 | |
| 主题词: | ||
| 电子资源: | ||
| 000 | 00363nam0 2200133 450 | |
| 001 | 202012000984 | |
| 005 | 20121107174100.0 | |
| 008 | 12102601s | |
| 020 | @a9780553803433@c$26.00 | |
| 099 | @dI712.45@eI682 | |
| 245 | 10 | @aOn The Run@c Iris Johansen |
| 260 | 0 | @aNEW YORK@b BANTAM BOOKS@c2006 |
| 300 | @a340P@c24CM | |
| 905 | @aTSG@b009818@dI712.45@eI682 | |
| On The Run / Iris Johansen .-NEW YORK : BANTAM BOOKS , 2006 |
| 340P ; 24CM |
| ISBN 9780553803433$26.00 |
| ● |
| 相关链接 |
|
|
|
正题名:On The Run
索取号:I712.45/I682
 
预约/预借
| 序号 | 登录号 | 条形码 | 馆藏地/架位号 | 状态 | 备注 |
| 1 | 9818 | 300098187 | 文学库116/400A自科库 21排3列3层/ [索取号:I712.45/I682] | 在馆 |